Hidden Body Parts - Statistics

General Stats
  • This quiz has been taken 45 times
  • The average score is 7 of 14
Answer Stats
Hint Answer % Correct
Most populated country in the world ? China
93%
Children's building blocks originally from Denmark ? Lego
90%
UK City where the Beatles originate from ? Liverpool
90%
Seventh planet from the sun ? Uranus
78%
Surname of the first female aviator to fly solo across the Atlantic ? Earhart
75%
Japanese religion ? Shinto
50%
Asian country whose capital is Yerevan? Armenia
38%
Grimm brothers character who spun straw into gold ? Rumplestiltskin
38%
Shelled gastropod ? Snail
38%
Fish named after UK coastal town famed for it's white cliffs ? Dover Sole
28%
Another name for Okra ? Ladies fingers
28%
US golfer winner of 7 majors ? Arnold Palmer
23%
1988 John Waters film starring Ricki Lake ? Hairspray
20%
Battle where nearly 300 Lakota people were killed by US army in 1890 ? Wounded Knee
15%
No matching quizzes found
Score Distribution
Percent of People with Each Score
Percentile by Number Answered
Your Score History
You have not taken this quiz